Recurrent neural Networks for prediction (ბიბ.ჩანაწერი № 54314)
[ მარტივი ფორმატი ]
| 000 -LEADER | |
|---|---|
| fixed length control field | 01051nam a2200289Ia 4500 |
| 001 - CONTROL NUMBER | |
| control field | 21370 |
| 003 - CONTROL NUMBER IDENTIFIER | |
| control field | GE_BSU |
| 008 - FIXED-LENGTH DATA ELEMENTS--GENERAL INFORMATION | |
| fixed length control field | 181216s||||||||xx |||||||||||||| ||und|| |
| 020 ## - INTERNATIONAL STANDARD BOOK NUMBER | |
| International Standard Book Number | 9780471495178 |
| 040 ## - CATALOGING SOURCE | |
| Transcribing agency | GE_BSU |
| 080 ## - UNIVERSAL DECIMAL CLASSIFICATION NUMBER | |
| Universal Decimal Classification number | 00+620.3+53+577 |
| 100 ## - MAIN ENTRY--PERSONAL NAME | |
| Personal name | Mandic, Danilo P. and Chambers, Jonathon A. |
| 245 ## - TITLE STATEMENT | |
| Title | Recurrent neural Networks for prediction |
| 245 ## - TITLE STATEMENT | |
| Statement of responsibility, etc. | Editor Simon Haykin |
| 260 ## - PUBLICATION, DISTRIBUTION, ETC. | |
| Place of publication, distribution, etc. | Chichester |
| 260 ## - PUBLICATION, DISTRIBUTION, ETC. | |
| Name of publisher, distributor, etc. | John Wiley & Sons, LTD |
| 260 ## - PUBLICATION, DISTRIBUTION, ETC. | |
| Date of publication, distribution, etc. | 2001 |
| 300 ## - PHYSICAL DESCRIPTION | |
| Extent | 285 p. 25 cm. |
| 300 ## - PHYSICAL DESCRIPTION | |
| Accompanying material | Bibl.:p. 267-280., Index.: p.281-285 |
| 653 ## - INDEX TERM--UNCONTROLLED | |
| Uncontrolled term | Recurrent neural Networks for prediction |
| 653 ## - INDEX TERM--UNCONTROLLED | |
| Uncontrolled term | Инженерное дело. Информационные технологии |
| 653 ## - INDEX TERM--UNCONTROLLED | |
| Uncontrolled term | Молекулярная биология. Физика |
| 653 ## - INDEX TERM--UNCONTROLLED | |
| Uncontrolled term | საინჟინრო საქმე. საინფორმაციო ტექნოლოგიები |
| 653 ## - INDEX TERM--UNCONTROLLED | |
| Uncontrolled term | ფიზიკა. მოლეკულური ბიოლოგია |
| 942 ## - ADDED ENTRY ELEMENTS (KOHA) | |
| Koha item type | წიგნი |
არაა ხელმისაწვდომი ეგზემპლარები.
